[Event "BOT-ch op"]
[Site "Gaborone"]
[Date "2018.03.31"]
[Round "5.1"]
[White "Monnaatsheko, Keletshabile"]
[Black "Kokome, Oaitse"]
[Result "1-0"]
[WhiteElo "2050"]
[BlackElo "1989"]
[PlyCount "65"]
[EventDate "2018.03.30"]
[EventType "tourn"]
[EventRounds "9"]
[EventCountry "BOT"]
[SourceTitle "EXT 2024"]
[Source "ChessBase"]
[SourceDate "2023.10.10"]
[SourceVersion "1"]
[SourceVersionDate "2023.10.10"]
[SourceQuality "1"]

1. d4 d5 2. Nf3 Nf6 3. Bf4 e6 4. e3 c5 5. c3 Be7 6. Ne5 Nbd7 7. Nd2 a6 8. Bd3 Nf8 9. Qf3 Ng6 10. Bg3 Bd7 11. h4 Bc6 12. Nxc6 bxc6 13. h5 Nf8 14. Be5 N8d7 15. Qg3 Qb6 16. Rb1 Rg8 17. Bc7 Qb7 18. Bf4 Rc8 19. Qf3 cxd4 20. exd4 c5 21. Qe2 Rc6 22. 0-0 g5 23. hxg6 hxg6 24. Nf3 Nh5 25. Bh2 c4 26. Bc2 Bd6 27. Ne5 Nxe5 28. dxe5 Bc5 29. Ba4 Kf8 30. Bxc6 Qxc6 31. b3 Qc7 32. bxc4 dxc4 33. Qf3 1-0